00859 2200193 4500001002100000005001500021035002000036245005100056100001300107250001700120300003400137700001900171260003600190082001000226084001600236020001800252650001200270520038300282INLIS00000000000032120240602075224 a0010-06240000301 aTiga Pendeka Cilik /cBu Kasur, Naning Pranoto0 aBu Kasur acetakan ke-3 aviii, 56 hlm :bilus ;c21 cm0 aNaning Pranoto aJakarta :bBalai Pustaka,c2006 a398.2 a398.2 BU t a978-979-186-1 4adongeng a...Kemarau panjang melanda daerah tempat tinggal tga ekor anak kambing jantan yang menamakan dirinya Tiga Pendekar Cilik Sawah dan ladang mengering. Tidak ada rumput yang tumbuh di sana. Tiga pendekar Cilik mendengar kabar ada padang rumput yang tumbuh subur di seberang sungai. Tempat itu hanya dapat dicapai melalui jembatan kayu besi yang dijaga oleh raksasa bermata satu.